| 000 | 01196nam a22003257i 4500 | ||
|---|---|---|---|
| 999 |
_c172294 _d172294 |
||
| 005 | 20190417165559.0 | ||
| 008 | 190417t20092009enka a 000 1 eng d | ||
| 020 |
_qpaperback _cRM10.79 |
||
| 040 |
_aPPAK _beng _cPPAK _erda |
||
| 082 | 0 | 4 |
_a428.6 _223 |
| 090 | 0 | 0 |
_a428.6 _bOLD _dK |
| 245 | 1 | 0 |
_aOld MacDonald had a farm / _cIllustrated by Ben Mantle ; Reading consultant: Alison Kelly ; Designed by Caroline Spatz ; Edited by Felicity Parker ; Series designer: Russell Punter ; Series editor: Lesley Sims |
| 264 | 1 |
_aLondon : _bUsborne Publishing Ltd., _c2009 |
|
| 264 | 4 | _c©2009 | |
| 300 |
_a32 pages : _bcolour illustrations ; _c20 cm |
||
| 336 |
_2rdacontent _atext |
||
| 337 |
_2rdamedia _aunmediated |
||
| 338 |
_2rdacarrier _avolume |
||
| 490 | 1 |
_aUSBORNE FIRST READING ; _vLEVEL ONE |
|
| 650 | 1 | 0 | _aReading (Preschool) |
| 650 | 2 | 0 | _aChildren's stories, English |
| 700 | 1 |
_aMantle, Ben, _eillustrator. |
|
| 700 | 1 |
_aKelly, Alison, _econsultant. |
|
| 700 | 1 |
_aSpatz, Caroline, _edesigner. |
|
| 700 | 1 |
_aParker, Felicity, _eeditor. |
|
| 700 | 1 |
_aPunter, Russell, _edsigner. |
|
| 700 | 1 |
_aSims, Lesley, _eeditor. |
|
| 830 | 0 |
_aUsborne first reading ; _vlevel one |
|
| 942 |
_2ddc _cB |
||